Carregant...

Unknown Himalayas

Dades bibliogràfiques
Autor principal: Joshi, Himanshu
Format: Printed Book
Idioma:Undetermined
Publicat: New Delhi Roli Books 2008
LEADER 00434nam a2200133Ia 4500
008 141017s9999 xx 000 0 und d
020 |a 9.78817E+12 
082 |a 549.6 JOS/U 
100 |a Joshi, Himanshu 
245 |a Unknown Himalayas 
260 |b Roli Books  |a New Delhi  |c 2008 
300 |a 160p. 
999 |c 112886  |d 112886 
952 |0 0  |1 0  |4 0  |6 549_600000000000000_JOS_U  |7 0  |9 109619  |a STS  |b STS  |d 2013-02-15  |l 0  |o 549.6 JOS/U  |p STS546  |r 2014-10-17  |w 2014-10-17  |y BK